La Scienza Della Legislazione Dell Cavaliere Gaetano Filangieri Tomo I

Bibliographic Details
Format: eBook
Language:Italian
Published: Ciudad de Mx̌ico: Biblioteca "Lic. Emilio Portes Gil", 1920
Subjects:
Online Access:Acceso restringido

MARC

LEADER 00000nam a22000007a 4500
005 20180411000115.0
007 cr|||| ||||
008 180411s1920 mx |||||s|||| 00||0 ita d
035 |a 21376 
040 |a vLex 
090 |c 7729  |d 7729 
245 0 2 |a La Scienza Della Legislazione Dell Cavaliere Gaetano Filangieri  |h [Recurso electrn̤ico] /  |n Tomo I 
256 |a Servicio en ln̕ea 
260 |a Ciudad de Mx̌ico:  |b Biblioteca "Lic. Emilio Portes Gil",  |c 1920 
300 |a 1 recurso electrn̤ico 
506 1 |a Disponible solo en los productos indicados  |d vLex Global  |d vLex Global (Academic Edition, excluding Law Schools)  |d vLex Global (U.S. Academic Edition, Law Schools)  |d vLex Global (U.S. Academic Edition, excluding Law Schools)  |d vLex Global (Academic Edition, Law Schools) 
650 0 4 |a Derecho Civil  |z Mx̌ico 
740 0 |a vLex Libros (Servicio en ln̕ea) 
856 4 0 |u http://vlex.com/source/scienza-legislazione-cavaliere-gaetano-filangieri-tomo-i-21376  |z Acceso restringido 
942 |c BOOK 
999 0 |a Civil Law